000 00255nam a22001217a 4500
008 170524b xxu||||| |||| 00| 0 eng d
041 _aeng
080 _a621.3
100 _a26
101 _aim
245 _aBRAKE DYNAMICS
_cWHITE, A.J
942 _2udc
_cBK
999 _c14077
_d14077